Регионална библиотека "Любен Каравелов" - Русе

Огледалата на Вълтава (Запис номер 342995)

MARC детайли
000 -Лидер
Контролно поле с фиксирана дължина 01294nam a2200325 c 4500
003 - Код на организацията, давaща контролен номер
Контролно поле BLK
005 - Дата и час на последна редакция
Контролно поле 20230405105452.0
008 - Елементи от данни с фиксирана дължина
fixed length control field 180911b bul|||||r ||||||| ||bul||
010 ## - Наследен системен номер
LC control number 002656
040 ## - Източник на каталожния запис
Идентификатор на билиотеката - собственик на записа BLK
041 ## - Код за език
Код за езика на текст/звукозапис или на отделно заглавие Български
Код за езика КДБФ Български
080 ## - УДК
УДК - код + определител 885.0-1
100 1# - Редна дума - Автор
Автор Христов, Кирил
Дати, свързани с автора 1875-1944
Автор - информация (биография) Поет, писател, драматург, публицист, преводач
Пълна форма на името Генчев, Кирил Христов
R(LIN) 396616
245 00 - Сведения за заглавието
Заглавие Огледалата на Вълтава
246 ## - Различни форми на заглавието
Паралелно заглавие Антология чешки поети
Наименование на поредна част от произведението лирика-стихотворения
260 ## - Област на издателските данни
Място на издаване, разпространение и проч. София
Име на издателя, разпространителя и проч. Държ. изд.
Година на издаване 1946
Печатница Книпеграф
300 ## - Физическа характеристика
Страници 120 с
Размери/Мащаб 18 см
380 ## - Жанр
Жанр Литературознание
490 ## - СЕРИИ (Колекции)
Име на серия Библиотека младежка култура
490 ## - СЕРИИ (Колекции)
Име на серия Частна колекция - Академик Михаил Арнаудов
Бележки за серията Дарение - Основен фонд
500 ## - Общи забележки
Забележка Подчертавания в текста и коментарии за чешкия поет Петър Безруч : с. 112-114;
653 ## - Ключова дума – ненормативна
Ключова дума лирика
653 ## - Ключова дума – ненормативна
Ключова дума стихотворения
655 ## - Ключова дума – жанр/разновидност
Данни за жанр/разновидност или ключова дума за фокус чешка литература
700 1# - Други автори (авторска отговорност)
Лично име Кирил Христов
9 (RLIN) 397762
700 1# - Други автори (авторска отговорност)
Лично име Цветана Вранска
Автороска отговорност (Описва отношението между автора и произведението) Ред.
9 (RLIN) 397763
852 ## - Местоположение
Форматна сигнатура МА 1046
999 ## - СИСТЕМНИ КОНТРОЛНИ НОМЕРА
Koha biblionumber 342995
Koha biblioitemnumber 342995
942 ## - АРТИКУЛИ
Вид на библиотечния материал Книги
Скрит в OPAC Не
Периодичен библиозапис Да
944 ## - СЪЗДАВАНЕ И РЕДАКЦИЯ на ЗАПИСА
Създаване/Редакция Създаване
Дата на регистрацията/редакция 1996
Служител, извършил регистрацията/редакцията ValK
999 ## - СИСТЕМНИ КОНТРОЛНИ НОМЕРА
Koha biblioitemnumber 342995
Наличности
Код за отписване Код за изгубен артикул Източник на класификационната схема Код за повреда Коз за рестрикции Код за отдаване Артикулен № Име на библиотеката - собственик Име на библиотеката, в която се намира в момента Статус (Текущо местоположение) Местоположение - отдел Цена в лева Номерация (Хронология) Инвентарен номер Систематично азбучна сигнатура Баркод Номер на екземпляра Цена в евро Служебен тип на артикула Дата на вписване в системата
  Не е изгубен Universal Decimal Classification Не е повреден без рестрикции Специални фондове ( старопечатни, редки и ценни, фонд М. Арнаудов) 743135 Регионална библиотека "Любен Каравелов" Русе Регионална библиотека "Любен Каравелов" Русе Фонд "Михаил Арнаудов" Фонд "Михаил Арнаудов" 25.00   588487 МА 1046 120000588487 1 12.78 Книги  
  Не е изгубен Universal Decimal Classification Не е повреден само за читалня ползва се в читалня 840052 Регионална библиотека "Любен Каравелов" Русе Регионална библиотека "Любен Каравелов" Русе Хранилище Основен фонд - ползва се само за читалня 0.24   17640 Цб 8.175.17640 900000067729   0.12 Книги 2021-07-01
  Не е изгубен Universal Decimal Classification Не е повреден само за читалня ползва се в читалня 840896 Регионална библиотека "Любен Каравелов" Русе Регионална библиотека "Любен Каравелов" Русе Хранилище Основен фонд - ползва се само за читалня 0.12   19713 Цб 8.180.19713 900000068970   0.06 Книги 2021-07-05
Vip Innovations Ltd, Rousse, Bulgaria 2025